Представление документа в формате RUSMARC

ПолеНазваниеЗначение
  Тип записи a
  Библиографический уровень m
001 Контрольный номер RU/CBS_UL/BASE/b06c2c701eb44e0b8861005ce1aecc63
005 Дата корректировки 20250925164927.6
010 Индекс ISBN __
a ISBN 978-5-389-12594-0
b Уточнения в пер.
d Цена 824 р. 25 к.
9 Тираж 3 000 экз.
100 Данные общей обработки __
a Данные общей обработки 20250925d 0rusy0189## ca
101 Язык документа 0_
a Язык текста rus
102 Страна публикации __
a Страна публикации RU
200 Заглавие и сведения об ответственности 1_
a Заглавие Потерянные девушки Рима
f Первые сведения об ответственности Д. Карризи
g Последующие сведения об ответственности пер. с итал. А. Миролюбовой
210 Выходные данные 1_
a Место издания Санкт-Петербург
c Издательство Азбука
c Издательство Азбука-Аттикус
d Дата издания 2024
215 Физическое описание __
a Объем 444, [2] с.
d Формат 21,5 см.
225 Серия 2_
a Серия Звезды мирового детектива
300 Общие примечания __
a Общие примечания 16+
300 Общие примечания __
a Общие примечания Основано на реальных событиях
606 Тематические рубрики 0_
a Основная рубрика Итальянская литература, 21 в. - Детективы
610 Ключевые слова 0_
a Ключевые слова детективы зарубежные; детективы психологические; триллеры; реальные истории преступлений; серийные убийцы; серийные убийства; сверхспособности; расследование преступлений
686 Индексы других классификаций __
2 Код системы rubbk
a Классификационный индекс 84(4Ита)
700 Автор _1
a Фамилия Карризи
b Имя (инициалы) Д.
g Полное личное имя Донато
801 Источник записи _0
a Страна RU
b Организация МБУК ЦБС г. Ульяновска
c Дата составления 20250925
g Правила каталогизации RCR
801 Источник записи _1
a Страна RU
b Организация МБУК ЦБС г. Ульяновска
c Дата составления 20250925
g Правила каталогизации RCR
852 Данные о местонахождении __
i Авторский знак К 26
j Шифр хранения И(Итал)
900 Электронные ресурсы __
a Имя электронного ресурса д. карризи потерянные
901 Тип документа __
t Тип документа m
909 Создатель записи __
a Создатель записи obr2
b Дата создания записи 20250925